[Event "Thessaloniki op-B 1st"]
[Site "Thessaloniki"]
[Date "2022.08.07"]
[Round "6"]
[White "Vallianos, Gerasimos"]
[Black "Kavakopoulou, Ioulia Anastasia"]
[Result "1-0"]
[WhiteElo "1877"]
[BlackElo "1430"]
[PlyCount "69"]
[EventDate "2022.08.03"]
[EventType "swiss"]
[EventRounds "9"]
[EventCountry "GRE"]
[SourceTitle "EXT 2024"]
[Source "ChessBase"]
[SourceDate "2023.10.10"]
[SourceVersion "1"]
[SourceVersionDate "2023.10.10"]
[SourceQuality "1"]

1. d4 d5 2. c4 c6 3. Nf3 Nf6 4. cxd5 cxd5 5. Nc3 Nc6 6. Bg5 a6 7. e3 e6 8. Bd3 Bd6 9. 0-0 0-0 10. a3 Bd7 11. Rc1 Rc8 12. e4 Be7 13. Bxf6 Bxf6 14. exd5 exd5 15. Nxd5 Nxd4 16. Nxf6+ Qxf6 17. Bxh7+ Kxh7 18. Qxd4 Rxc1 19. Rxc1 Qxd4 20. Nxd4 Rc8 21. Rxc8 Bxc8 22. f4 g6 23. Kf2 Kg7 24. Ke3 Kf6 25. Ke4 b6 26. g3 Bb7+ 27. Ke3 Bd5 28. Ne2 Ke6 29. Kd4 Kd6 30. b4 Bc6 31. Nc3 f5 32. Nd1 b5 33. Nf2 Bd5 34. Nd3 Be6 35. Ne5 1-0

[Event "Thessaloniki op-B 1st"]
[Site "Thessaloniki"]
[Date "2022.08.06"]
[Round "5"]
[White "Skembris, Simon Max"]
[Black "Vallianos, Gerasimos"]
[Result "0-1"]
[WhiteElo "1596"]
[BlackElo "1877"]
[PlyCount "92"]
[EventDate "2022.08.03"]
[EventType "swiss"]
[EventRounds "9"]
[EventCountry "GRE"]
[SourceTitle "EXT 2024"]
[Source "ChessBase"]
[SourceDate "2023.10.10"]
[SourceVersion "1"]
[SourceVersionDate "2023.10.10"]
[SourceQuality "1"]

1. e4 e6 2. d4 d5 3. Nd2 Nf6 4. e5 Nfd7 5. Bd3 c5 6. c3 Nc6 7. Ne2 Be7 8. Nf3 0-0 9. 0-0 Qb6 10. b3 Re8 11. Bc2 Nf8 12. Ng3 Bd7 13. Qd2 cxd4 14. cxd4 Rac8 15. Nh5 Qa5 16. Qf4 Ng6 17. Bxg6 hxg6 18. Nxg7 Nxd4 19. Nxd4 Kxg7 20. Qh6+ Kg8 21. Nf3 Bf8 22. Qh3 Qc3 23. Bg5 Bg7 24. Qh4 Qd3 25. Rae1 Bb5 26. Bf6 Bxf6 27. exf6 g5 28. Qxg5+ Qg6 29. Re5 Bxf1 30. Kxf1 Kf8 31. Qh4 Rc1+ 32. Ne1 Rec8 33. Qh8+ Qg8 34. Qh6+ Ke8 35. Rg5 Qf8 36. Qh7 Kd7 37. Rg7 Qb4 38. Rxf7+ Kc6 39. g3 Qxe1+ 40. Kg2 Qf1+ 41. Kf3 Rc3+ 42. Kg4 Qxf2 43. b4 Rc4+ 44. Kg5 Qd2+ 45. Kg6 Rg4+ 46. Kh5 Qg5# 0-1

[Event "Kavala op 24th"]
[Site "Kavala"]
[Date "2015.08.05"]
[Round "2"]
[White "Vallianos, Gerasimos"]
[Black "Kelires, Andreas"]
[Result "0-1"]
[WhiteElo "1946"]
[BlackElo "2426"]
[PlyCount "44"]
[EventDate "2015.08.04"]
[EventType "swiss"]
[EventRounds "9"]
[EventCountry "GRE"]
[SourceTitle "CBM 167 Extra"]
[Source "ChessBase"]
[SourceDate "2015.09.14"]
[SourceVersion "1"]
[SourceVersionDate "2015.09.14"]
[SourceQuality "1"]

1. d4 Nf6 2. c4 e6 3. g3 c5 4. d5 exd5 5. cxd5 d6 6. Bg2 g6 7. Nc3 Bg7 8. e4 0-0 9. Nge2 Re8 10. a4 Na6 11. 0-0 Nb4 12. f3 Nd7 13. Bf4 Ne5 14. Qd2 Nc4 15. Qc1 Nd3 16. Qc2 Nxf4 17. Nxf4 Ne3 18. Qd2 Nxf1 19. Bxf1 a6 20. Nd3 Bd7 21. a5 b5 22. Qf4 Qc7 0-1